| 000 | 00973 a2200229 4500 | ||
|---|---|---|---|
| 003 | Nust | ||
| 005 | 20230127124958.0 | ||
| 010 | _a 93011550 | ||
| 020 | _a0024041718 | ||
| 040 | _cNust | ||
| 082 | 0 | 0 | _a808,ROZ |
| 100 | 1 |
_aRoze, Maris. _97452 |
|
| 245 | 1 | 0 |
_aTechnical communication : _bthe practical craft / _cMaris Roze. |
| 250 | _a2nd ed. | ||
| 260 |
_aNew York : _bMerrill ; _aToronto : _bMaxwell Macmillan Canada ; _aNew York : _bMaxwell Macmillan International, _cc1994. |
||
| 300 |
_axii, 288 p. : _bill. ; _c24 cm. |
||
| 440 | 0 |
_aMerrill's international series in engineering technology _97453 |
|
| 505 | _aIntroduction (Page-1), Development Method (Page-21), Reports (Page-59), Correspondence (Page-133), Oral Communication (Page-159), Research and Development (Page-189), Grammar , Usage ,and Style (Page-213), Mechanics (Page-257). | ||
| 650 | 0 |
_aCommunication of technical information. _925586 |
|
| 650 | 0 | _aTechnical writing. | |
| 942 |
_2ddc _cBK _k808,ROZ |
||
| 999 |
_c185244 _d185244 |
||